|
|
|
|
| LEADER |
00000nab a2200000 a 4500 |
| 001 |
vtls008414814 |
| 003 |
SK-MaSNL |
| 005 |
20260304150605.0 |
| 008 |
250505c2005 xo 0 slo |
| 015 |
|
|
|a SNBCL2005/5
|
| 035 |
|
|
|a SLK032542
|
| 035 |
|
|
|a urn:nbn:sk:snk-abvx7
|
| 035 |
|
|
|a (urnnbn)urn:nbn:sk:snk:ar-a03ihd
|
| 035 |
|
|
|a (uuid)4ad9e7f6-10de-474c-b72a-136e3bd5da6f
|
| 040 |
|
|
|a SNKBUCL
|b slo
|c SNKBUCL
|e AACR2
|
| 041 |
0 |
|
|a eng
|
| 044 |
|
|
|a xo
|c SK
|
| 080 |
|
|
|a 616.12/.13-085
|2 1981
|
| 245 |
0 |
0 |
|a Regression of left ventricular and aortic hypertrophy in the L-NAME-induced hypertension model: Effect of L-arginine and spironolactone
|c L. Paulis ... [et al.]
|
| 611 |
1 |
7 |
|a Faculty conference of students scientific activity, Faculty of medicine, Comenius university
|n 43.
|c Bratislava, Slovakia
|d 2004
|2 SNKBUCL
|9 1469963
|
| 650 |
0 |
7 |
|a hypertrofia ľavej komory
|2 MESH
|9 21050
|
| 650 |
0 |
7 |
|a choroby aorty
|2 MESH
|9 1055302
|
| 650 |
0 |
7 |
|a arginín
|2 MESH
|9 27929
|
| 650 |
0 |
7 |
|a NG-nitroarginínmetylester
|x farmakokinetika
|2 MESH
|9 1471392
|
| 650 |
0 |
7 |
|a spironolaktón
|2 MESH
|9 1062058
|
| 650 |
0 |
7 |
|a syntáza oxidu dusnatého
|2 MESH
|9 1202864
|
| 650 |
0 |
7 |
|a hypertenzia
|2 MESH
|9 2490
|
| 700 |
1 |
|
|a Paulis, L.
|4 aut
|u Institute of pathophysiology, Faculty of medicine, Comenius university, Bratislava
|9 661652
|
| 700 |
1 |
|
|a Matušková, J.
|4 aut
|u Institute of pathophysiology, Faculty of medicine, Comenius university, Bratislava
|9 1305999
|
| 700 |
1 |
|
|a Ľupták, Ivan
|4 aut
|9 414440
|
| 700 |
1 |
|
|a Krajčírovičová, K.
|4 aut
|u Institute of pathophysiology, Faculty of medicine, Comenius university, Bratislava
|9 816954
|
| 700 |
1 |
|
|a Pecháňová, Oľga,
|d 1962-
|4 aut
|9 8508
|
| 700 |
1 |
|
|a Šimko, Fedor,
|d 1956-
|4 aut
|9 194271
|
| 773 |
0 |
|
|t Bratislavské lekárske listy
|g Vol. 106, no. 1 (2005), p. 42
|x 0006-9248
|
| 850 |
|
|
|a Slovenská národná knižnica
|
| 852 |
|
|
|a Slovenská národná knižnica
|
| 958 |
|
|
|a article27
|
| 958 |
|
|
|a OND
|
| 958 |
|
|
|a EUIPO
|
| 999 |
|
|
|c 2938813
|d 2940743
|